| Tag |
First Indicator |
Second Indicator |
Subfields |
| LEADER |
00000pam a2200000 a 4500 |
| 001 |
in00000075090 |
| 005 |
20151008060308.0 |
| 008 |
810819s1982 enk b 00110 eng |
| 010 |
|
|
|a 81038486
|
| 020 |
|
|
|a 0521234158
|
| 020 |
|
|
|a 0521288169 (pbk.)
|
| 035 |
|
|
|a (OCoLC)07737098
|
| 035 |
|
|
|9 AAJ5489AM
|
| 039 |
0 |
|
|a 2
|b 3
|c 3
|d 3
|e 3
|
| 040 |
|
|
|a DLC
|c DLC
|d TXA
|d UtOrBLW
|
| 043 |
|
|
|a n-cn-ns
|
| 049 |
|
|
|a TXAM
|c [952137]
|
| 050 |
0 |
0 |
|a RA790.5
|b .L38
|
| 082 |
0 |
|
|a 362.2/1/09716
|2 19
|
| 100 |
1 |
|
|a Leighton, Alexander H.
|q (Alexander Hamilton),
|d 1908-2007.
|
| 245 |
1 |
0 |
|a Caring for mentally ill people :
|b psychological and social barriers in historical context /
|c Alexander H. Leighton.
|
| 264 |
|
1 |
|a Cambridge [Cambridgeshire] ;
|a New York :
|b Cambridge University Press,
|c 1982.
|
| 300 |
|
|
|a x, 277 pages ;
|c 24 cm.
|
| 336 |
|
|
|a text
|b txt
|2 rdacontent
|
| 337 |
|
|
|a unmediated
|b n
|2 rdamedia
|
| 338 |
|
|
|a volume
|b nc
|2 rdacarrier
|
| 504 |
|
|
|a Includes bibliographical references and index.
|
| 650 |
|
0 |
|a Mental health policy
|z Nova Scotia
|x History
|x Case studies.
|
| 650 |
|
0 |
|a Community mental health services
|z Nova Scotia
|x History
|x Case studies.
|
| 650 |
|
0 |
|a Mental health policy
|x Case studies.
|
| 650 |
|
0 |
|a Community mental health services
|x Case studies.
|
| 999 |
|
|
|a MARS
|
| 999 |
f |
f |
|s 175338c1-ede1-3fec-91e6-15a53d977c4b
|i 598cadce-99c7-3f49-85dd-173014f3fb61
|t 0
|
| 952 |
f |
f |
|p normal
|a Texas A&M University
|b College Station
|c Sterling C. Evans Library
|s Evans stk
|d Evans: Library Stacks
|t 0
|e RA790.5 .L38
|h Library of Congress classification
|i unmediated -- volume
|m A14806228027
|
| 998 |
f |
f |
|a RA790.5 .L38
|t 0
|l Evans: Library Stacks
|